书目信息 |
| 题名: |
研究生俄语(第二外语)
|
|
| 作者: | 俞仁山 , 贾弃民 编著 | |
| 分册: | ||
| 出版信息: | 北京 北京大学出版社 2000.07 |
|
| 页数: | 303页 | |
| 开本: | 16开 | |
| 丛书名: | ||
| 单 册: | ||
| 中图分类: | H35-43 | |
| 科图分类: | ||
| 主题词: | 俄语 | |
| 电子资源: | ||
| ISBN: | 7-301-04549-2 | |
| 000 | 00604nam0 2200205 45 | |
| 001 | 0104161494 | |
| 005 | 20010416144800.7 | |
| 010 | @a7-301-04549-2@d30.00元 | |
| 100 | @a20010416d2000 km y0chiy0120 ea | |
| 101 | 0 | @achi |
| 105 | @a z 000yy | |
| 200 | 1 | @a研究生俄语(第二外语)@AYan Jiu Sheng E Yu(Di Er Wai Yu)@f俞仁山,贾弃民编著@FYu Ren Shan,Jia Qi Min Bian Zhu |
| 210 | @a北京@c北京大学出版社@d2000.07 | |
| 215 | @a303页@d16开 | |
| 606 | 0 | @a俄语 |
| 690 | @aH35-43@v3 | |
| 701 | 0 | @a俞仁山@4编著 |
| 701 | 0 | @a贾弃民@4编著 |
| 801 | @aCN@bPftUser@c20010416 | |
| 905 | @b338884-885@dH35-43@eY793@f2 | |
| 研究生俄语(第二外语)/俞仁山,贾弃民编著.-北京:北京大学出版社,2000.07 |
| 303页;16开 |
| ISBN 7-301-04549-2:30.00元 |
| ● |
| 相关链接 |
|
|
|
正题名:研究生俄语(第二外语)
索取号:H35-43/Y793
 
预约/预借
| 序号 | 登录号 | 条形码 | 馆藏地/架位号 | 状态 | 备注 |
| 1 | 338884 | 203388841 | 语言库209/209语言库 121排2列5层/ [索取号:H35-43/Y793] | 在馆 | |
| 2 | 338885 | 203388850 | 语言库209/209语言库 121排2列5层/ [索取号:H35-43/Y793] | 在馆 |